000
00318nam a2200133Ia 4500
008
190216s9999||||xx |||||||||||||| ||und||
100
_a
Maheshwari.P
245
0
_a
Botany Section 2
250
_a
1st Ed.
260
_b
National Council Of Educational Research
_c
1965
300
_a
100
650
_a
Botany
942
_c
BK
999
_c
1090
_d
1090